| 000 | 01321nam0a2200277 4500 | ||
|---|---|---|---|
| 001 | RU\NLR\bibl\317800 | ||
| 005 | 20250621142112.0 | ||
| 035 | _a(NLR Aleph) 000312874 | ||
| 090 |
_a48622 _c48622 |
||
| 100 | _a20021010d2000 |||y0rusy50 ca | ||
| 101 | 0 | _arus | |
| 102 | _aRU | ||
| 105 | _aa ||||||||| | ||
| 200 | 1 |
_aПовышение эффективности производственно-транспортного комплекса Приморского края по переработке и перевозке лесопродукции _eОбощающий докл. на соискание ученой степ. д-ра трансп. _fЗеленов Леонид Валентинович _gРос. акад. трансп. Дальневост. отд-ние |
|
| 210 |
_aВладивосток _cБ.и. _d2000 |
||
| 215 |
_a74 с. _cил. _d21 |
||
| 313 | _aморские перевозки лесных грузов | ||
| 606 | 0 |
_aЛесные грузы _xМорские перевозки _91477203 _3RU\NLR\auth\66627969 |
|
| 686 | _aО486.489.1 | ||
| 686 | _aУ37(2)46-813.927.34(2Р-4Пр) | ||
| 700 | 1 |
_aЗеленов _bЛ. В. _gЛеонид Валентинович _4070 |
|
| 801 | 0 |
_aRU _bNLR _c20021010 _gPSBO |
|
| 801 | 1 |
_aRU _bNLR _c20021010 |
|
| 942 | _cBOOK | ||
| 980 | _aNB | ||